Fear of knowledge: against relativism and constructivism
Salvato in:
| Autore principale: | |
|---|---|
| Natura: | Libro |
| Lingua: | inglese |
| Pubblicazione: |
Oxford
Clarendon Press
2007
|
| Edizione: | 1a. ed |
| Soggetti: | |
| Tags: |
Aggiungi Tag
Nessun Tag, puoi essere il primo ad aggiungerne!!
|
MARC
| LEADER | 00000cam a2200000 a 4500 | ||
|---|---|---|---|
| 001 | UCE3718 | ||
| 003 | CL-VaPUC | ||
| 008 | 140925e20070000uk |||||||||||||||||eng|d | ||
| 020 | |a 9780199230419 | ||
| 082 | 0 | 4 | |a 100 |b BOG |2 21 |
| 100 | 0 | |a Boghossian, Paul A |e author |9 576201 | |
| 245 | 1 | 0 | |a Fear of knowledge: against relativism and constructivism |
| 250 | |a 1a. ed | ||
| 300 | |a 139 p | ||
| 942 | |c BK | ||
| 945 | |d 20140925 17:45:00 |a dcastane | ||
| 260 | |a Oxford |b Clarendon Press |c 2007 | ||
| 650 | 0 | |a Constructivismo |9 268156 | |
| 650 | 0 | |a Relativismo |9 322356 | |
| 650 | 0 | |a Teoría del conocimiento |9 255038 | |
| 583 | |a last modification |c 20140925 17:45:00 |k Rodrigo Vera | ||
| 999 | |c 356881 |d 356879 | ||
| 952 | |0 0 |1 0 |3 erb |4 0 |6 100_000000000000000_BOG_2007 |7 0 |8 A |9 464646 |a BIBEDU |b BIBEDU |i 5115280 |o 100 BOG 2007 |p 5115280 |r 2019-11-23 |w 2019-11-23 |y BK |z Catalogado en:20140925 |k PSI | ||